Statystyki dla Największe Państwa w Historii Według Kontynentu

Kliknij tutaj aby rozwiązać quiz!

Ogólne statystyki

  • Ten quiz został rozwiązany 156 razy
  • Średni wynik to 6 z 24

Statystyki odpowiedzi

Kraj% Poprawnych
Rosja
87%
Chiny
68%
Kanada
66%
Stany Zjednoczone
66%
Związek Radziecki
51%
Demokratyczna
Republika Konga
37%
Imperium Brytyjskie
37%
Algieria
36%
Imperium Mongolskie
32%
Argentyna
30%
Sudan
25%
Imperium Hiszpańskie
22%
Imperium Rosyjskie
18%
Cesarstwo Brazylii
7%
Wielka Kolumbia
7%
Kalifat Abbasydów
5%
Kalifat Umajjadów
4%
Państwo Inków
4%
Cesarstwo Meksyku
3%
Cesarstwo Qing
2%
Ajjubidzi
1%
Kalifat Fatymidów
1%
Konfederacja
Peruwiańsko-Boliwijska
1%
Skonfederowane Stany
Ameryki
1%

Rozkład punktacji

Percentyl według liczby udzielonych odpowiedzi

Procent ludzi z każdym wynikiem

Twoja historia wyników

Nie rozwiązałeś tego quizu